| 000 | 00927nam a2200253 a 4500 | ||
|---|---|---|---|
| 001 | BRL_1322 | ||
| 005 | 20190320211139.0 | ||
| 008 | 060114t1972----mx-abo####---#000-0#spa-# | ||
| 041 | _aspa | ||
| 044 | _amx | ||
| 050 | 4 |
_aGT625 _b.M66 1972 |
|
| 245 | 1 | 0 |
_aMomografía de la indumentaria femenina del Estado de México _cMonografía elaborada en la Dirección de Turismo por Glafira Ruiz Chávez y Raúl Gómez Montero. |
| 260 |
_aMéxico _bDirección de Turismo _c1972 |
||
| 300 |
_a101 p. _bil., fotografías, mapas _c23 cm. |
||
| 500 | _aAu1569 | ||
| 504 | _aBibliografía: p. 99-101 | ||
| 650 | 1 | 4 |
_aIndumentaria _xMujeres _zEstado de México _926515 |
| 650 | 1 | 4 |
_aPrendas de vestir _xMujeres _zEstado de México _926516 |
| 650 | 1 | 4 |
_aIndigenas de México _xMujeres - Ropa _zEstado de México _926517 |
| 700 | 1 |
_aRuiz Chávez, Glafira _926518 |
|
| 700 | 1 |
_aGómez Montero, Raúl _926519 |
|
| 902 | _aGRL | ||
| 942 |
_2lcc _cB |
||
| 999 |
_c10134 _d10134 |
||